| 000 | 00479nam a22001817a 4500 | ||
|---|---|---|---|
| 003 | NUST - PNEC | ||
| 005 | 20170116181125.0 | ||
| 008 | 151005b xxu||||| |||| 00| 0 eng d | ||
| 020 | _a8130910942 | ||
| 040 | _cLIBRARY | ||
| 082 | _a669 DRA | ||
| 100 |
_913640 _aDrapala J. |
||
| 245 |
_aMetallurgy of pure metals : methods of refining pure substances _cJ. Drapala and L. Kuchar |
||
| 250 | _a- | ||
| 260 | _c- | ||
| 650 |
_913643 _aMetallurgy _xME, IME |
||
| 942 |
_2ddc _cBK |
||
| 999 |
_c69708 _d69708 |
||